00509nam a2200205 a 4500001001300000003000900013005001700022008004100039020001000080082001300090100002000103245002900123260002500152300000900177500003500186505002700221650001900248650001600267700002000283nice12345678IN_TiNIC20260116013826.0050524s1995 dela grp 000 0 eng  ac75000a294bBAI aBaird, Robert D aReligion in Modern India aDelhibManoharc1995 a588p aincludes index and biblioraphy2 aBibliography, Glossary aIndia-Religion aIslam-India1 aBaird, Robert D